000 01133nam a22002537a 4500
001 9702
003 FISKH
005 20260130090659.0
008 260130b cb ||||| |||| 00| 0 eng d
020 _a9781399633895
040 _aFISKH
_beng
_cFISKH
_dFISKH
050 _aPZ7.1 .G368 .C
082 _a813.6
100 _aGarbere, Stephani
245 _aA curse for true love /
_c Stephanie Garber
250 _aThis edition published in 2025
260 _aLondon :
_bGreat Britian,
_c2023
300 _a381 pages :
_bmaps ;
_c20 cm
490 _aOnce Upon a Broken Heart :
_vBook Three
520 _aEvangeline Fox ventured to the Magnificent North in search of her happy ending, and it seems as if she has it. She's married to a handsome prince and lives in a legendary castle. But Evangeline has no idea of the devastating price she's paid for this fairytale. She doesn't know what she has lost, and her husband is determined to make sure she never finds out. . . . but first he must kill Jacks, the Prince of Hearts.
650 _aFairy Tales
_vFiction
_xRomantasy
_yYoung Adult
942 _2ddc
_cBK
_n0
999 _c9702
_d9702